Subcommittee on trade of the committee on ways and means U.S house of representatives

Đã lưu trong:
书目详细资料
格式: 图书
语言:Undetermined
出版: Washington 1980
主题:
标签: 添加标签
没有标签, 成为第一个标记此记录!
Thư viện lưu trữ: Trung tâm Học liệu Trường Đại học Cần Thơ
LEADER 00453nam a2200157Ia 4500
001 CTU_99315
008 210402s9999 xx 000 0 und d
082 |a 382 
082 |b S941 
245 0 |a Subcommittee on trade of the committee on ways and means U.S house of representatives 
260 |a Washington 
260 |c 1980 
650 |a Trade 
650 |z United states 
904 |i Tuyến 
980 |a Trung tâm Học liệu Trường Đại học Cần Thơ